Literacy in the new media age
Αποθηκεύτηκε σε:
| Κύριος συγγραφέας: | |
|---|---|
| Μορφή: | Βιβλίο |
| Γλώσσα: | English |
| Δημοσίευση: |
London :
Routledge,
2003
|
| Σειρά: | Literacies
|
| Θέματα: | |
| Ετικέτες: |
Προσθήκη ετικέτας
Δεν υπάρχουν, Καταχωρήστε ετικέτα πρώτοι!
|
MARC
| LEADER | 00000nam a2200000 i 4500 | ||
|---|---|---|---|
| 001 | 1/48647 | ||
| 008 | 070719s2003 eng d | ||
| 020 | |a 0-415-25356-X | ||
| 035 | |l 10088974 | ||
| 040 | |a GR-MY-UA |b gre |e aacr | ||
| 041 | 0 | |a eng | |
| 082 | 0 | |a 302.2244 |2 (22) | |
| 100 | 1 | |a Kress, Gunther. | |
| 245 | 1 | 0 | |a Literacy in the new media age / |c Gunther Kress |
| 260 | |a London : |b Routledge, |c 2003 | ||
| 300 | |a xiii, 186 σ.; |c 25 εκ. | ||
| 490 | 1 | |a Literacies | |
| 504 | |a Περιλαμβάνει βιβλιογραφίες | ||
| 650 | 0 | 0 | |a Computers and literacy. |
| 650 | 0 | 0 | |a Written communication. |
| 650 | 0 | 0 | |a Mass media |x Social aspects. |
| 830 | 0 | |a Literacies | |
| 852 | |a INST |b RHODES |e 20070719 |h 302.2244 KRE |p 005400026158 |q 005400026158 |t BK |y 0 | ||
| 901 | |a BIBL4-2007-2 | ||
| 909 | |a Ρ |b 135563 | ||
| 922 | |a 4ΕΛΗ |b 200706 |c ΕΠΕΑΕΚ2/ΠΤΔΕ |d Σ. ΠΑΤΑΚΗΣ | ||
| 970 | |a ΜΙΣΣΟΣ |b ΣΤΑΥΡΟΣ |z 2007/07/19 | ||